<?xml version="1.0" encoding="UTF-8"?>
<record
    xmlns:xsi="http://www.w3.org/2001/XMLSchema-instance"
    xsi:schemaLocation="http://www.loc.gov/MARC21/slim http://www.loc.gov/standards/marcxml/schema/MARC21slim.xsd"
    xmlns="http://www.loc.gov/MARC21/slim">

  <leader>01106nam a22003017a 4500</leader>
  <controlfield tag="005">20221223091022.0</controlfield>
  <controlfield tag="008">221223b           ||||| |||| 00| 0 eng d</controlfield>
  <datafield tag="020" ind1=" " ind2=" ">
    <subfield code="a">8185274452</subfield>
  </datafield>
  <datafield tag="040" ind1=" " ind2=" ">
    <subfield code="c">AL</subfield>
  </datafield>
  <datafield tag="041" ind1=" " ind2=" ">
    <subfield code="a">eng</subfield>
  </datafield>
  <datafield tag="082" ind1=" " ind2=" ">
    <subfield code="2">23</subfield>
    <subfield code="a">658</subfield>
    <subfield code="b">ASMW</subfield>
  </datafield>
  <datafield tag="100" ind1=" " ind2=" ">
    <subfield code="a">David Asman</subfield>
    <subfield code="9">67698</subfield>
  </datafield>
  <datafield tag="100" ind1=" " ind2=" ">
    <subfield code="d">Adam Meyerson</subfield>
    <subfield code="9">67699</subfield>
  </datafield>
  <datafield tag="245" ind1=" " ind2=" ">
    <subfield code="a">Wall street journal on management</subfield>
  </datafield>
  <datafield tag="260" ind1=" " ind2=" ">
    <subfield code="a">New Delhi</subfield>
    <subfield code="b">Universal Book Stall</subfield>
    <subfield code="c">1996</subfield>
  </datafield>
  <datafield tag="300" ind1=" " ind2=" ">
    <subfield code="a">xii,246p.</subfield>
    <subfield code="b">PB</subfield>
    <subfield code="c">21x13cm.</subfield>
  </datafield>
  <datafield tag="365" ind1=" " ind2=" ">
    <subfield code="2">Management</subfield>
    <subfield code="b">85.00</subfield>
    <subfield code="c">&#x20B9;</subfield>
    <subfield code="d">85.00</subfield>
  </datafield>
  <datafield tag="520" ind1=" " ind2=" ">
    <subfield code="a">A collection of articles from the "Manager's Journal" column of "The Wall Street Journal" addresses problems common to all managers with such diverse topics as "Questions to Ask When You're Fired" and "Sex and Romance in the Office and Plant"</subfield>
  </datafield>
  <datafield tag="650" ind1=" " ind2=" ">
    <subfield code="a">Making the Most of Yourself</subfield>
    <subfield code="9">67700</subfield>
  </datafield>
  <datafield tag="650" ind1=" " ind2=" ">
    <subfield code="a">Technology</subfield>
    <subfield code="9">67701</subfield>
  </datafield>
  <datafield tag="650" ind1=" " ind2=" ">
    <subfield code="a">People you Work With</subfield>
    <subfield code="9">67702</subfield>
  </datafield>
  <datafield tag="650" ind1=" " ind2=" ">
    <subfield code="a">Strategy</subfield>
    <subfield code="9">67703</subfield>
  </datafield>
  <datafield tag="650" ind1=" " ind2=" ">
    <subfield code="a">Hiring and Firing</subfield>
    <subfield code="9">67704</subfield>
  </datafield>
  <datafield tag="650" ind1=" " ind2=" ">
    <subfield code="a">Family and Friends</subfield>
    <subfield code="9">67705</subfield>
  </datafield>
  <datafield tag="700" ind1=" " ind2=" ">
    <subfield code="a">ASMAN (David) Ed</subfield>
    <subfield code="9">67706</subfield>
  </datafield>
  <datafield tag="700" ind1=" " ind2=" ">
    <subfield code="a">MEYERSON (Adam) Ed</subfield>
    <subfield code="9">67707</subfield>
  </datafield>
  <datafield tag="942" ind1=" " ind2=" ">
    <subfield code="2">ddc</subfield>
    <subfield code="c">DB</subfield>
  </datafield>
  <datafield tag="999" ind1=" " ind2=" ">
    <subfield code="c">226077</subfield>
    <subfield code="d">226077</subfield>
  </datafield>
  <datafield tag="952" ind1=" " ind2=" ">
    <subfield code="0">0</subfield>
    <subfield code="1">0</subfield>
    <subfield code="2">ddc</subfield>
    <subfield code="4">0</subfield>
    <subfield code="7">0</subfield>
    <subfield code="8">MAN</subfield>
    <subfield code="a">AL</subfield>
    <subfield code="b">AL</subfield>
    <subfield code="d">2014-11-27</subfield>
    <subfield code="l">0</subfield>
    <subfield code="o">658 ASMW</subfield>
    <subfield code="p">D05258</subfield>
    <subfield code="r">2022-12-23 00:00:00</subfield>
    <subfield code="w">2022-12-23</subfield>
    <subfield code="y">DB</subfield>
  </datafield>
</record>
